Fluid Mechanics and its Application (Record no. 6838)

MARC details
000 -LEADER
fixed length control field 00333nam a2200133Ia 4500
008 - FIXED-LENGTH DATA ELEMENTS--GENERAL INFORMATION
fixed length control field 191201s2017 xx 000 0 und d
100 ## - MAIN ENTRY--PERSONAL NAME
Personal name GUPTA, Santosh
245 #0 - TITLE STATEMENT
Title Fluid Mechanics and its Application
260 ## - PUBLICATION, DISTRIBUTION, ETC. (IMPRINT)
Name of publisher, distributor, etc New Age International
Date of publication, distribution, etc 2017
300 ## - PHYSICAL DESCRIPTION
Extent 503
650 ## - SUBJECT ADDED ENTRY--TOPICAL TERM
Topical term or geographic name as entry element B.Tech(ME)
700 ## - ADDED ENTRY--PERSONAL NAME
Personal name GUPTA,Vijay
942 ## - ADDED ENTRY ELEMENTS (KOHA)
Source of classification or shelving scheme Dewey Decimal Classification
Koha item type Text Books
Holdings
Withdrawn status Lost status Source of classification or shelving scheme Damaged status Not for loan Collection code Home library Current library Date acquired Source of acquisition Cost, normal purchase price Bill Number Total Checkouts Full call number Acc. no. / Barcode Date last seen Actual Cost, discounted price Bill Date Koha item type
    Dewey Decimal Classification     B.Tech(ME) PIET C-LIBRARY PIET C-LIBRARY 21/07/2020 Kirti Prakashan 305.00 IN3884   620.1 GUF 30511 04/12/2019 245.00 15/05/2019 Text Books
    Dewey Decimal Classification     B.Tech(ME) PIET C-LIBRARY PIET C-LIBRARY 21/07/2020 Kirti Prakashan 305.00 IN3884   620.1 GUF 30512 04/12/2019 245.00 15/05/2019 Text Books
    Dewey Decimal Classification     B.Tech(ME) PIET C-LIBRARY PIET C-LIBRARY 21/07/2020 Kirti Prakashan 305.00 IN3884   620.1 GUF 30513 04/12/2019 245.00 15/05/2019 Text Books
    Dewey Decimal Classification     B.Tech(ME) PIET C-LIBRARY PIET C-LIBRARY 21/07/2020 Kirti Prakashan 305.00 IN3884   620.1 GUF 30514 04/12/2019 245.00 15/05/2019 Text Books
    Dewey Decimal Classification     B.Tech(ME) PIET C-LIBRARY PIET C-LIBRARY 21/07/2020 Kirti Prakashan 305.00 IN3884   620.1 GUF 30515 04/12/2019 245.00 15/05/2019 Text Books
    Dewey Decimal Classification     B.Tech(ME) PIET C-LIBRARY PIET C-LIBRARY 21/07/2020 Kirti Prakashan 305.00 IN3884   620.1 GUF 30516 04/12/2019 245.00 15/05/2019 Text Books

Design & Developed by: PIET Central Library
R70 Miles Stone Pattikalyana Samalkha Panipat 132102
mail ID :- [email protected], Phone No:- 0180-2569700 Ex.216